000 00506nam a2200181Ia 4500
008 090124s9999 xx 000 0 und d
082 _b23470
_a1431
100 _aदाभोळकर नरेंद्र
245 _a कबड्डी
250 _a1
260 _c1980
300 _a160
600 _aदाभोळकर नरेंद्र
630 _a कबड्डी
700 _aदाभोळकर नरेंद्र
730 _a कबड्डी
942 _cBOOK
999 _c137070
_d137070